|
|
|
|
| LEADER |
01048nam a2200253 a 4500 |
| 001 |
1616622 |
| 008 |
130226r1997 cau b s000 0 eng d |
| 010 |
|
|
|a 95035194
|
| 020 |
|
|
|a 9780520209657
|
| 020 |
|
|
|a 0520200993 (cl. : alk. paper)
|
| 040 |
|
|
|a DLC
|c DLC
|d DLC
|d BD-DhAAL
|
| 082 |
0 |
0 |
|a 306.4/61/01
|2 20
|
| 100 |
1 |
|
|a Kleinman, Arthur.
|
| 245 |
1 |
0 |
|a Writing at the margin :
|b discourse between anthropology and medicine /
|c Arthur Kleinman.
|
| 260 |
|
|
|a Berkeley :
|b University of California Press,
|c c1997.
|
| 300 |
|
|
|a xiii, 314 p. ;
|c 24 cm.
|
| 500 |
|
|
|a Essays reprinted from various publications.
|
| 504 |
|
|
|a Includes bibliographical references (p. 285-308) and index.
|
| 541 |
1 |
|
|e 00026672
|
| 650 |
|
0 |
|a Medical anthropology
|x Philosophy.
|
| 650 |
|
0 |
|a Medical anthropology
|x Methodology.
|
| 852 |
1 |
|
|a Ayesha Abed Library
|j General Shelf.
|
| 999 |
|
|
|c 13210
|d 13210
|
| 952 |
|
|
|0 0
|1 0
|2 ddc
|4 0
|6 306_461010000000000_KLE
|7 0
|9 21990
|a JPGSPH
|b JPGSPH
|d 2013-02-27
|e Karim International
|g 2528.00
|l 0
|o 306.46101 KLE
|p 3060026672
|r 2013-02-27
|t 1
|w 2013-02-27
|y BK
|